Inside The C++ Object Model (Record no. 89189)

MARC details
000 -LEADER
fixed length control field 00313pam a2200145 a 4500
020 ## - INTERNATIONAL STANDARD BOOK NUMBER
Terms of availability
041 ## - LANGUAGE CODE
Language code of text/sound track or separate title eng
100 ## - MAIN ENTRY--PERSONAL NAME
Personal name Lippmon.
245 ## - TITLE STATEMENT
Title Inside The C++ Object Model
Medium Textual Documents
250 ## - EDITION STATEMENT
Edition statement 1996.
260 ## - PUBLICATION, DISTRIBUTION, ETC.
Place of publication, distribution, etc. [s.l]:
Name of publisher, distributor, etc. Addiison Wesley
300 ## - PHYSICAL DESCRIPTION
Extent 280p.
700 ## - ADDED ENTRY--PERSONAL NAME
Personal name Stanley.B.
930 ## - EQUIVALENCE OR CROSS-REFERENCE-UNIFORM TITLE HEADING [LOCAL, CANADA]
Uniform title 12286
Holdings
Withdrawn status Lost status Damaged status Not for loan Collection Home library Current library Date acquired Source of acquisition Cost, normal purchase price Total Checkouts Full call number Barcode Date last seen Copy number Price effective from Koha item type
          Yashwantrao Mohite College of Arts, Science And Commerce, Pune Yashwantrao Mohite College of Arts, Science And Commerce, Pune 02/07/2021 Quartetee Book 603.00   YMP-61333 24/02/2023 1 24/02/2023 Book